| 000 | 00426nam a2200121Ia 4500 | ||
|---|---|---|---|
| 008 | 220216s9999 xx 000 0 und d | ||
| 100 | _aGeorge P.J. | ||
| 245 | 0 | _aPropagation of rubber | |
| 260 |
_bIn: Lecture notes for short-term training course on rubber cultivation, processing and estate management. Rubber Research Institute of India, Kottayam, India. _c1974 |
||
| 650 | _aBudding | ||
| 650 | _aPropagation | ||
| 942 | _cBS | ||
| 999 |
_c49338 _d49338 |
||